What we see in the stars : an illustrated tour of the night sky / Kelsey Oseid.
An illustrated guide to the heavens combines the myths, historic significance, and various interpretations of objects seen in the night sky, including the recognized constellations, meteors, eclipses, planets, and moons.
Record details
- ISBN: 9780399579530
- ISBN: 0399579532
- Physical Description: 159 pages : illustrations (chiefly color), maps ; 22 cm
- Edition: First edition.
- Publisher: California : Ten Speed Press, an imprint of the Crown Publishing Group, [2017]
Content descriptions
| General Note: | Includes index. |
| Bibliography, etc. Note: | Includes bibliographical references and index. |
Search for related items by subject
| Subject: | Astronomy > Popular works. Solar system > Popular works. |
| Genre: | Popular works. |
Available copies
- 1 of 1 copy available at scottsboropl.
Holds
- 0 current holds with 1 total copy.
Show Only Available Copies
| Location | Call Number / Copy Notes | Barcode | Shelving Location | Status | Due Date |
|---|---|---|---|---|---|
| scottsboropl | J 523.8 Ose | 32269001113573 | Juvenile - Display | Available | - |
| LDR | 01531nam a2200373 i 4500 | ||
|---|---|---|---|
| 001 | 151068 | ||
| 003 | CONS | ||
| 005 | 20190513182523.0 | ||
| 008 | 170307s2017 cauab b 001 0 eng | ||
| 010 | . | ‡a 2017009795 | |
| 020 | . | ‡a9780399579530 ‡q(hardcover) | |
| 020 | . | ‡a0399579532 ‡q(hardcover) | |
| 035 | . | ‡a(CPomAG)LMN612353 | |
| 042 | . | ‡apcc | |
| 043 | . | ‡azs----- | |
| 050 | 0 | 0. | ‡aQB44.3 ‡b.O64 2017 |
| 082 | 0 | 0. | ‡a523.8 ‡223 |
| 100 | 1 | . | ‡aOseid, Kelsey, ‡eauthor. |
| 245 | 1 | 0. | ‡aWhat we see in the stars : ‡ban illustrated tour of the night sky / ‡cKelsey Oseid. |
| 250 | . | ‡aFirst edition. | |
| 264 | 1. | ‡aCalifornia : ‡bTen Speed Press, an imprint of the Crown Publishing Group, ‡c[2017] | |
| 300 | . | ‡a159 pages : ‡billustrations (chiefly color), maps ; ‡c22 cm | |
| 336 | . | ‡atext ‡btxt ‡2rdacontent | |
| 337 | . | ‡aunmediated ‡bn ‡2rdamedia | |
| 338 | . | ‡avolume ‡bnc ‡2rdacarrier | |
| 500 | . | ‡aIncludes index. | |
| 504 | . | ‡aIncludes bibliographical references and index. | |
| 520 | . | ‡aAn illustrated guide to the heavens combines the myths, historic significance, and various interpretations of objects seen in the night sky, including the recognized constellations, meteors, eclipses, planets, and moons. | |
| 650 | 0. | ‡aAstronomy ‡vPopular works. | |
| 651 | 0. | ‡aSolar system ‡vPopular works. | |
| 655 | 7. | ‡aPopular works. ‡2lcgft | |
| 914 | . | ‡aSCP_LP | |
| 959 | . | ‡i32269001113573 ‡lYA 523.8 Ose ‡aYoung Adult - NonFiction ‡tYA NonFiction ‡g17.00 | |
| 852 | . | ‡p32269001113573 ‡jYA 523.8 Ose ‡gYoung Adult - NonFiction ‡cYA NonFiction ‡y17.00 ‡bSBPL | |
| 901 | . | ‡a151068 ‡bUnknown ‡c151068 ‡tbiblio | |